000 00842nam a22002297a 4500
005 20090905094727.0
008 090904t xxu||||| |||| 00| 0 eng d
010 _aB-357022
020 _c395.00
_a9788189884406
035 _aB-357022
037 _bDBAD / PUB
040 _adpl
_bEnglish
082 _aS
100 _aBalachandran, Anitha
245 _aMister Jeejeebhoy and the birds /
_cwritten and illustrated by Anitha Balachandran
260 _aNew Delhi
_bZubaan (Apeejay Press)
_c2007
270 _a128-B, Ist Floor, Shahpurjat,
_bNew Delhi
_e110049
300 _aUnpaged
_c28cm(Hb)
650 _aChildren's stories, English
942 _2ddc
_cCH
_hS
_mBAL
999 _c30030
_d30030